Cruzeiro EC Squad 2025 - Statistics

General Stats
  • This quiz has been taken 74 times
    63 since last reset
  • The average score is 20 of 31
Answer Stats
# Position Nation Player % Correct
1 GK Brazil Cássio
100%
10 MF Brazil Matheus Pereira
94%
19 FW Brazil Kaio Jorge
92%
11 FW DR Congo Yannick Bolasie
92%
9 FW Brazil Gabriel Barbosa
90%
12 DF Brazil William
90%
15 DF Brazil Fabrício Bruno
86%
29 MF Argentina Lucas Romero
86%
25 DF Argentina Lucas Villalba
86%
8 MF Brazil Matheus Henrique
86%
16 MF Brazil Lucas Silva
84%
- Coach Portugal Leonardo Jardim
82%
6 DF Brazil Kaiki
80%
23 DF Brazil Fagner
72%
5 MF Brazil Walace
72%
41 GK Brazil Léo Aragão
68%
88 MF Brazil Christian
66%
94 FW Brazil Wanderson
66%
34 DF Brazil Jonathan Jesus
64%
21 MF Brazil Eduardo
60%
99 FW Argentina Juan Dinenno
56%
14 DF Paraguay Mateo Gamarra
56%
17 FW Brazil Marquinhos
52%
77 MF Brazil Japa
50%
70 FW Brazil Kenji
48%
26 FW Argentina Lautaro Díaz
46%
43 DF Brazil João Marcelo
44%
36 DF Brazil Kauã Prates
42%
81 GK Brazil Otávio Costa
14%
35 MF Brazil Murilo Rhikman
12%
75 FW Brazil Rodriguinho
10%
No matching quizzes found
Score Distribution
Percent of People with Each Score
Percentile by Number Answered
Your Score History
You have not taken this quiz since the last reset